000
00282nam a2200121Ia 4500
008
190216s9999||||xx |||||||||||||| ||und||
100
_a
George Onakkoor
245
0
_a
Kalthhamara
260
_b
National Book Stall
_c
1987
300
_a
165p
650
_a
Malayalam Novel
942
_c
BK
999
_c
25862
_d
25862